Central Library OPAC University of Rajshahi

Begams, concubines, and memsahibs / (Record no. 6301)

MARC details
000 -LEADER
fixed length control field 00977nam a2200301 a 4500
001 - CONTROL NUMBER
control field 6301
003 - CONTROL NUMBER IDENTIFIER
rucl marc code BD-RjUL
005 - DATE AND TIME OF LATEST TRANSACTION
control field 20211208234224.0
008 - FIXED-LENGTH DATA ELEMENTS--GENERAL INFORMATION
fixed length control field 140109s1997 ii 001 0deng
020 ## - INTERNATIONAL STANDARD BOOK NUMBER
International Standard Book Number 8125902856
035 ## - SYSTEM CONTROL NUMBER
System control number (BD-RjUL)6341
040 ## - CATALOGING SOURCE
Original cataloging agency DLC
Transcribing agency DLC
Language of cataloging eng
Modifying agency BD-RjUL
041 ## - LANGUAGE CODE
Language code of text/sound track or separate title eng
082 00 - DEWEY DECIMAL CLASSIFICATION NUMBER
Classification number 954.0350924
Author mark and year SAB 1997
100 1# - MAIN ENTRY--PERSONAL NAME
Personal name Saha, B. P.,
9 (RLIN) 19828
245 10 - TITLE STATEMENT
Title Begams, concubines, and memsahibs /
Statement of responsibility, etc. B.P. Saha.
260 ## - PUBLICATION, DISTRIBUTION, ETC. (IMPRINT)
Place of publication, distribution, etc. New Delhi :
Name of publisher, distributor, etc. Vikas Pub. House,
Date of publication, distribution, etc. 1997.
300 ## - PHYSICAL DESCRIPTION
Pagination xii, 148 p. ;
Size 23 cm.
504 ## - BIBLIOGRAPHY, ETC. NOTE
Bibliography, etc Includes index.
520 ## - SUMMARY, ETC.
Summary, etc. On the influence, chiefly of few Indian women on politics, administration, and social regeneration.
650 #0 - SUBJECT ADDED ENTRY--TOPICAL TERM
Topical term or geographic name as entry element Princesses
Geographic subdivision India
General subdivision Biography.
9 (RLIN) 19829
651 #0 - SUBJECT ADDED ENTRY--GEOGRAPHIC NAME
Geographic name India
General subdivision Queens
-- Biography.
9 (RLIN) 19830
Geographic name Mogul Empire
General subdivision History.
9 (RLIN) 19831
Geographic name India
General subdivision History
Chronological subdivision British occupation, 1765-1947.
9 (RLIN) 2364
942 ## - ADDED ENTRY ELEMENTS (KOHA)
Source of classification or shelving scheme Dewey Decimal Classification
Koha item type Books
Holdings
Lost status Source of classification or shelving scheme Damaged status Not for loan Collection code Permanent Location Current Location Shelving location Date acquired Source of acquisition Cost, normal purchase price Total Checkouts Full call number Date last seen Copy number Koha item type
  Dewey Decimal Classification   Not For Loan Non-fiction Central Library, University of Rajshahi Central Library, University of Rajshahi   16/09/1999 New Delhi, UBSPD 250.00   954.0350924 SAB 1997 09/01/2014 C-1 Books